| 000 | 00325cam a22001097a 4500 | ||
|---|---|---|---|
| 008 | 180718b1965 xxu||||| |||| 00| 0 eng d | ||
| 082 | _aB813x54 In2bo | ||
| 245 | _aReport on the boundary dispute between U.P. and Bihar | ||
| 260 |
_aDelhi _bThe Manager of Publications _c1965 |
||
| 300 | _a-v- | ||
| 500 | _aLibrary has V.1. 61+p. | ||
| 999 |
_c488874 _d488874 |
||